000
00390nam a2200169Ia 4500
005
20250507130109.0
008
008 250505s9999 xx 000 0 eng d
037
_a
Bound Volumes
040
_a
EASL
_b
eng
_c
EASL
041
_a
eng
_2
eng
084
_q
EASL
245
0
_a
Su-E-Wen Titen-Chiu
260
_c
2000
490
_v
10
942
_c
CR
999
_c
1317714
_d
1317714